Nommez ces nageurs - Statistiques

Statistiques générales
  • Ce quiz a été pris 128 fois
  • Le résultat moyen est 5 sur 16
Statistiques - réponses
Par images Réponse % Correct
Florent Manaudou
91%
Laure Manaudou
88%
Yannick Agnel
84%
Michael Phelps
72%
Katie Ledecky
46%
Ian Thorpe
18%
Mark Spitz
18%
Ryan Lochte
14%
Johnny Weissmuller
9%
Aleksandr Popov
7%
Missy Franklin
5%
Charlene Wittstock
4%
Michael Gross
3%
Florence Chadwick
1%
Greg Louganis
1%
Matthew Webb
1%
Aucun quiz correspondant
Distribution des résultats
% des personnes avec chaque résultat
Percentile par nombre de réponses
Votre historique - résultats
Vous n’avez pas pris ce quiz